| 000 | 00612nam a2200157Ia 4500 | ||
|---|---|---|---|
| 008 | 090124s9999 xx 000 0 und d | ||
| 082 | _b14431 | ||
| 245 | _a दलित साहित्य : एक अभ्यास | ||
| 250 | _a1 | ||
| 260 |
_bमहाराष्ट्र राज्य साहित्य-संस्कृति मंडळ _c1978 |
||
| 300 | _a249 | ||
| 630 | _a दलित साहित्य : एक अभ्यास | ||
| 700 | _aडांगळे अर्जुन | ||
| 730 | _a दलित साहित्य : एक अभ्यास | ||
| 942 | _cBOOK | ||
| 999 |
_c87965 _d87965 |
||